Estudio del Impuesto sobre la Renta Personas Morales /

Detalles Bibliográficos
Autor principal: Přez Chavez, Još
Otros Autores: Fol Olguin, Raymundo
Formato: eBook
Lenguaje:español
Publicado: Mx̌ico DF: Tax Editores, 2014
Materias:
Acceso en línea:Acceso restringido

MARC

LEADER 00000nam a22000007a 4500
005 20141230234544.0
007 cr|||| ||||
008 141230s2014 mx |||||s|||| 00||0 spa d
020 |a 978-607-440-686-3 
035 |a 12548 
040 |a vLex 
090 |c 5317  |d 5317 
100 1 |a Přez Chavez, Još 
245 1 0 |a Estudio del Impuesto sobre la Renta  |h [Recurso electrn̤ico] :  |b Personas Morales /  |c Jos ̌Přez Chavez, Raymundo Fol Olguin 
256 |a Servicio en ln̕ea 
260 |a Mx̌ico DF:  |b Tax Editores,  |c 2014 
300 |a 1 recurso electrn̤ico 
506 1 |a Disponible solo en los productos indicados  |d vLex Global  |d vLex Global (Academic Edition, excluding Law Schools)  |d vLex Global (U.S. Academic Edition, Law Schools)  |d vLex Global (U.S. Academic Edition, excluding Law Schools)  |d vLex Global (Academic Edition, Law Schools) 
650 0 4 |a Derecho Fiscal  |z Mx̌ico 
700 1 |a Fol Olguin, Raymundo 
740 0 |a vLex Libros (Servicio en ln̕ea) 
856 4 0 |u http://vlex.com/source/estudio-impuesto-renta-personas-morales-12548  |z Acceso restringido 
942 |c BOOK 
999 0 |a Tax Law